000 01127nam a22002537a 4500
005 20240803103252.0
008 231124b ||||| |||| 00| 0 eng d
040 _cAL
041 _akan
082 _223
_aKD494.3
_bBOVK
100 _aBoverianda Chetticha Uthaiah:
_9175039
100 _aಬೊವ್ವೆರಿಯಂಡ ಚೆಟ್ಟಿಚ ಉತ್ತಯ್ಯ
_9175040
100 _9143356
_dBoverianda Uthaiah Thangamma
100 _dಬೊವ್ವೆರಿಯಂಡ ಉತ್ತಯ್ಯ ತಂಗಮ್ಮ
_9143332
245 _aKodava Arivole
_bಕೊಡವ ಅರಿವೋಲೆ
260 _aMangaluru
_bPrasaranga Mangalore University
_c2016
300 _axliii,867p.
_bHB
_c22x15cm.
365 _2Kannada
_a063-65
_b500.00
_c
_d250.00
_e50%
_f23-11-2023
650 _aKodava Dictionary: ಕೊಡವ ಪದಕೋಶ
_9143333
650 _aKodava Kannada : ಕೊಡವ ಕನ್ನಡ
_9143334
700 _aUTTAIH (Boverianda Chetticha)
_9143335
700 _aTHANGAMMA (Boverianda Uthaiah): ತಂಗಮ್ಮ (ಬೊವ್ವೆರಿಯಂಡ ಉತ್ತಯ್ಯ)
_9143336
942 _2ddc
_cBK
999 _c229301
_d229301